000 00391nam a2200169Ia 4500
008 220531s9999 xx 000 0 und d
041 _aeng
082 _bOOM
100 _aOommen, T. K.
_952368
245 _aKnowledge & Society.
260 _bOxford
_c2005
300 _a195
542 _d18-02-2009
650 _aSociology
_952369
906 _d2008-2009
999 _c30403
_d30403